Southville International School and Colleges
Your cart is empty.
  • Cart
  • Lists
    Public lists Eva Luna New books Lux_list list_1
    Your lists Log in to create your own lists
  • Log in to your account
  • Your cookies
  • Search history
Southville International School and Colleges
  • Advanced search
  • Recent comments
  • Most popular
  • Libraries

Log in to your account

Log in with GOOGLE


If you do not have an external account, but do have a local account, you can still log in:

  1. Home
  2. MARC view: RosettaStone: Audio Companion English American /
Normal view MARC view ISBD view

RosettaStone: Audio Companion English American / (Record no. 292496)

[ view plain ]
MARC details
000 -LEADER
fixed length control field 00465nam a2200157Ia 4500
008 - FIXED-LENGTH DATA ELEMENTS--GENERAL INFORMATION
fixed length control field 160319s9999 xx 000 0 und d
245 ## - TITLE STATEMENT
Title RosettaStone: Audio Companion English American /
245 ## - TITLE STATEMENT
Statement of responsibility, etc Rosetta Stone.
260 ## - PUBLICATION, DISTRIBUTION, ETC. (IMPRINT)
Date of publication, distribution, etc 2010
300 ## - PHYSICAL DESCRIPTION
Extent 1 videodisc :
300 ## - PHYSICAL DESCRIPTION
Other physical details sound., color ;
300 ## - PHYSICAL DESCRIPTION
Dimensions 4 3/4 in.
440 ## - SERIES STATEMENT/ADDED ENTRY--TITLE
Title Rosetta Stone Language Learning Success.
500 ## - GENERAL NOTE
General note "Level 1, 2 & 3 with audio compilation."
650 ## - SUBJECT ADDED ENTRY--TOPICAL TERM
Topical term or geographic name as entry element American English.
Holdings
Withdrawn status Lost status Damaged status Home library Current library Date acquired Total Checkouts Barcode Date last seen Price effective from Koha item type
      Stonyhurst Southville International School (Batangas) Stonyhurst Southville International School (Batangas) 03/19/2016   AV-099 03/19/2016 03/19/2016 Audio Visual Materials

RosettaStone: Audio Companion English American /

APA

(2010). RosettaStone: Audio Companion English American. : .

Chicago

2010. RosettaStone: Audio Companion English American. : .

Harvard

(2010). RosettaStone: Audio Companion English American. : .

MLA

RosettaStone: Audio Companion English American. : . 2010.

  • Place hold
  • Print
  • Cite
  • Add to your cart (remove)
  • Save record
    BIBTEX Dublin Core MARCXML MARC (non-Unicode/MARC-8) MARC (Unicode/UTF-8) MARC (Unicode/UTF-8, Standard) MODS (XML) RIS
  • More searches
    Search for this title in:
    Other Libraries (WorldCat) Other Databases (Google Scholar) Online Stores (Bookfinder.com) Open Library (openlibrary.org)

Exporting to Dublin Core...

SOUTHVILLE LIBRARY

Southville International School and Colleges Library

1281 Tropical Ave. Cor. Luxembourg St., BF Homes International, Las Pinas City

Tel. No. 8256374 / 252358 Loc. 117/146

Powered by Koha